Rozpočtové právo /

Hlavní autor: Marková, Hana, 1950-
Další autoři: Boháč, Radim, 1979-
Jazyk: Čeština
Vydáno: Praha : C.H. Beck, 2007
Edice: Beckovy mezioborové učebnice
Témata:
Fyzický popis: xvi, 248 s. ; 24 cm
Knihy
Uloženo v:
LEADER 02310nam a2200541 a 4500
001 nkc20071705958
003 CZ PrNK
005 20220210134230.0
007 ta
008 070122s2007 xr e p 001 0 cze
015 |a cnb001705958 
020 |a 978-80-7179-598-8  |q (brož.)  |z 978-80-7179-551-3 
035 |a (OCoLC)124091321 
040 |a ABA001  |b cze 
043 |a e-xr--- 
072 7 |a 347.7  |x Obchodní právo. Finanční právo. Právo průmyslového vlastnictví. Patentové právo. Autorské právo  |2 Konspekt  |9 16 
072 7 |a 37.016  |x Učební osnovy. Vyučovací předměty. Učebnice  |2 Konspekt  |9 22 
080 |a 347.73:336.14  |2 MRF 
080 |a 336.14  |2 MRF 
080 |a (437.3)  |2 MRF 
080 |a (4)  |2 MRF 
080 |a (075)  |2 MRF 
100 1 |a Marková, Hana,  |d 1950-  |7 jn20001227148  |4 aut 
245 1 0 |a Rozpočtové právo /  |c Hana Marková, Radim Boháč 
260 |a Praha :  |b C.H. Beck,  |c 2007 
300 |a xvi, 248 s. ;  |c 24 cm 
490 1 |a Beckovy mezioborové učebnice 
504 |a Obsahuje bibliografie, bibliografické odkazy a rejstřík 
650 0 7 |a rozpočtové právo  |7 ph384531  |z Česko  |2 czenas 
650 0 7 |a rozpočtové právo  |7 ph384531  |z země Evropské unie  |2 czenas 
650 0 7 |a veřejné rozpočty  |7 ph164217  |z Česko  |2 czenas 
650 0 7 |a veřejné rozpočty  |7 ph164217  |z země Evropské unie  |2 czenas 
650 0 9 |a budget law  |z Czechia  |2 eczenas 
650 0 9 |a budget law  |z European Union countries  |2 eczenas 
650 0 9 |a public budgeting  |z Czechia  |2 eczenas 
650 0 9 |a public budgeting  |z European Union countries  |2 eczenas 
655 7 |a učebnice  |7 fd133770  |2 czenas 
655 9 |a textbooks  |2 eczenas 
700 1 |a Boháč, Radim,  |d 1979-  |7 pna2005261853  |4 aut 
830 0 |a Beckovy mezioborové učebnice  |0 s 
910 2 |a BOA001  |b 2-1181.805 
990 |a BK 
995 |a 01 
991 |b 200703  |c NOV 
996 6 |b 2610304125  |c 2-1181.805  |l MZK  |r Sklad / do 1 hodiny  |n 7  |p p.v.  |w 000842905  |u 000010  |a 1  |e BOA001  |j MZK50  |s P 
996 7 |b 2610307971  |c 2-1181.805  |l MZK  |r Sklad / do 1 hodiny  |n 35  |p kup  |w 000842905  |u 000020  |a 1  |e BOA001  |j MZK50  |s A 
996 7 |b 2610307972  |c 2-1181.805  |l MZK  |r Sklad / do 1 hodiny  |n 27  |p kup  |h 347 MAR  |w 000842905  |u 000030  |a 1  |e BOA001  |j MZK50  |s A 
996 7 |b 2610322763  |c 2-1181.805  |l MZK  |r Sklad / do 1 hodiny  |n 38  |p kup  |w 000842905  |u 000040  |a 1  |e BOA001  |j MZK50  |s A